000 01299cam a22002895a 4500
001 17413161
005 20161123181545.0
008 120802s2013 maua frb 001 0 eng d
020 _a9780123964632
040 _aDLC
_cDLC
_dDLC
_dEG-ScBUE
_beng
082 0 4 _a005.745
_222
_bHUG
100 1 _aHughes, Ralph,
_d1959-
245 1 0 _aAgile data warehousing project management :
_bbusiness intelligence systems using Scrum /
_cRalph Hughes.
250 _a1st ed.
260 _aWaltham :
_bMorgan Kaufmann / Elsevier,
_c2013.
300 _axxi, 356 p. :
_bill. ;
_c24 cm.
500 _aIndex : p. 353-356.
504 _aBibliography : p. 345-351.
505 0 _aWhat is agile data warehousing? -- Iterative development in a nutshell -- Streamlining project management -- Authoring better user stories -- Deriving initial project backlogs -- Developer stories for data integration -- Estimating and segmenting projects -- Adapting agile for data warehousing -- Starting and scaling agile data warehousing.
650 7 _aData warehousing.
_2BUEsh
_911335
650 7 _aAgile software development.
_2BUEsh
_94807
650 7 _aBusiness intelligence
_xData processing.
_2BUEsh
_930124
650 0 _aProject management
_2BUEsh
_911664
651 _2BUEsh
653 _bCOMSCI
_cNovember2016
942 _2ddc
999 _c23299
_d23271